000 01249nam2a22002651 4500
001 RU\NLR\INFOCOMM10\1000144080
005 20250617153900.0
035 _a(NLR Aleph) 002751435
090 _a2145761
_c2145761
100 _a20040203d1983 |||y0rusy50 ca
101 0 _arus
102 _aRU
105 _ay |||||||||
200 1 _aГеологические условия промышленной газоносности моноклиналей
_fПлотников, А.А., Подгорнов, А.В.
210 _d1983
_aБ. м.
461 0 _1001RU\NLR\INFOCOMM10\1000144013
_12001#$aГазовая промышленность$iСерия "Геология и разведка газовых и газоконденсатных месторождений"$v1983, Вып.6
_92145156
_cМ.
_d1976-
_iСерия "Геология и разведка газовых и газоконденсатных месторождений"
_tГазовая промышленность
_v1983, Вып.6
700 1 _aПлотников
_bА.А.
_4070
701 1 _aПодгорнов
_bА.В.
_4070
801 1 _aRU
_bInfoComm
_c20040203
801 0 _aRU
_bNLR
_gPSBO
852 _aNLR
_jП7/1751
942 _cISSUE
980 _aNB
980 _aRUSPER